Be prepared for the new regulations (Record no. 79174)
[ view plain ]
| 000 -LEADER | |
|---|---|
| fixed length control field | 01237cab a22002055a 4500 |
| 001 - CONTROL NUMBER | |
| control field | L140058 |
| 008 - FIXED-LENGTH DATA ELEMENTS--GENERAL INFORMATION | |
| fixed length control field | 070903e20070823xxk f 000 0 eng d |
| 035 ## - SYSTEM CONTROL NUMBER | |
| System control number | (Sirsi) u140058 |
| 041 0# - LANGUAGE CODE | |
| Language code of text/sound track or separate title | eng |
| 100 1# - MAIN ENTRY--PERSONAL NAME | |
| Personal name | Abas, Madeleine |
| 245 00 - TITLE STATEMENT | |
| Title | Be prepared for the new regulations |
| 260 ## - PUBLICATION, DISTRIBUTION, ETC. | |
| Date of publication, distribution, etc. | 2007 |
| 490 #0 - SERIES STATEMENT | |
| Series statement | Construction News |
| Volume/sequential designation | (7032) 23 August 2007, 26-27(2) |
| 520 ## - SUMMARY, ETC. | |
| Summary, etc. | Discusses the scope of the Regulatory Enforcement and Sanctions Bill and considers how it will affect health and safety breaches in the construction industry. The Bill, which is expected to be prioritised by government and become law in April 2008, will bring in a new regime that will exist outside the criminal court system, but will allow fines to be imposed or certain action taken for technical breaches of health and safety regulations. Outlines key changes that the Bill would introduce, including the new powers of regulators to shut down sites on a permanent or temporary basis, on the spot fines for minor or technical breaches on site, and offending companies to be put on probation. |
| 590 ## - LOCAL NOTE (RLIN) | |
| Local note | KA |
| 650 24 - SUBJECT ADDED ENTRY--TOPICAL TERM | |
| Topical term or geographic name entry element | REGULATORY ENFORCEMENT AND SANCTIONS BILL 2007 |
| 651 #4 - SUBJECT ADDED ENTRY--GEOGRAPHIC NAME | |
| Geographic name | United Kingdom |
| Chronological subdivision | |
| 690 ## - LOCAL SUBJECT ADDED ENTRY--TOPICAL TERM (OCLC, RLIN) | |
| Topical term or geographic name as entry element | Health and safety |
| 9 (RLIN) | 6244 |
| 942 ## - ADDED ENTRY ELEMENTS (KOHA) | |
| Suppress in OPAC | 0 |
| Withdrawn status | Lost status | Source of classification or shelving scheme | Damaged status | Not for loan | Home library | Current library | Shelving location | Date acquired | Total Checkouts | Full call number | Barcode | Date last seen | Copy number | Price effective from | Koha item type |
|---|---|---|---|---|---|---|---|---|---|---|---|---|---|---|---|
| Dewey Decimal Classification | London | London | Journal article | 03/09/2007 | L140058 | 140058-1001 | 06/08/2019 | 1 | 06/08/2019 | Journal article |